| 000 | 00434nam a2200157 i 4500 | ||
|---|---|---|---|
| 001 | 70420 | ||
| 003 | ES-MaACL | ||
| 005 | 20230906170819.0 | ||
| 007 | t| | ||
| 008 | 040723s1964 sp ||||1| spa d | ||
| 100 | 1 |
_aGarcía Serrano, Rafael. _955295 |
|
| 245 | 1 | 3 |
_aEl pino volador / _cRafael García Serrano. |
| 260 |
_aMadrid : _bEditora Nacional, _c1964. |
||
| 300 |
_aXI, 232 p. ; _c20 cm. |
||
| 852 |
_aES-MaACL _jC-25061 _bR.53766 |
||
| 999 |
_c70420 _d70420 |
||